| 000 | 00501nam a2200169 a 4500 | ||
|---|---|---|---|
| 005 | 20140414093840.0 | ||
| 008 | 071006s19uu xx 00 eng d | ||
| 050 |
_aVCD 270 _bARC 1996 |
||
| 245 |
_aArchaeology : _blast days of the Philistines killer quakes of the bilble. |
||
| 260 |
_aSl : _bDiscovery Channel, _cc1996. |
||
| 300 | _a1 videodisk (60 min.). | ||
| 650 |
_aChristian church _xHistory. |
||
| 650 | _aFilm (documentary). | ||
| 650 | _aArchaeology. | ||
| 942 | _cAVM | ||
| 999 |
_c109237 _d109237 |
||